Statistics for Not defined or mutually agreed international borders

Click here to take the quiz!

General Stats

  • This quiz has been taken 17 times
  • The average score is 4 of 13

Answer Stats

Answer% Correct
India-Pakistan
75%
Ukraine-Russia
56%
Egypt-Sudan
50%
India-China
50%
Pakistan-China
38%
Sudan-South Sudan
38%
Israel-Syria
31%
Bhutan-China
13%
India-Nepal
13%
Congo-DRC
6%
Ethiopia-Somalia
6%
Malawi-Tanzania
0%
South Sudan-Kenya
0%

Score Distribution

Percentile by Number Answered

Percent of People with Each Score

Your Score History

You have not taken this quiz